=LDR 00000nam 2200000 4500 =001 INLIS000000000029705 =005 20201112072012 =035 ##$$a 0010-061300000029705 =008 201112################g##########0#ind## =041 ##$$a Ind =082 ##$$a 323.4 =090 ##$$a 323.4, Elm d =100 ##$$a Elmuhtaj, Majda =245 1#$$a Dimensi-dimensi HAM, mengurai hak ekonomi sosial dan budaya /$c Majda El Muhtaj =260 ##$$a Jakarta :$b Rajagrafindo Persada,$c 2008 =300 ##$$a xxxiii, 373 hlm ; $c 20 x 13 cm =650 #4$$a Hak Asasi =850 ##$$a NBPNMAT =020 ##$$a 978-979-769-213-1 =084 ##$$a 323.4 ELM d =990 ##$$a 21400533/BPAP-NTB/2014 =990 ##$$a 21400534/BPAP-NTB/2014 =990 ##$$a 20801459 =990 ##$$a 20801459 =990 ##$$a 21400533/BPAP-NTB/2014 =990 ##$$a 21400534/BPAP-NTB/2014 =990 ##$$a 00084743 =990 ##$$a 21400533/BPAP-NTB/2014 =990 ##$$a 20801459 =990 ##$$a 00089081 =990 ##$$a 00084743 =990 ##$$a 20801459